<?xml version="1.0" encoding="UTF-8"?>
<marc:record xmlns:marc="http://www.loc.gov/MARC21/slim">
   <marc:leader>00000nam a2200000 a 4500</marc:leader>
   <marc:datafield ind1="1" ind2=" " tag="100">
      <marc:subfield code="a">Schröder, Patricia</marc:subfield>
      <marc:subfield code="4">aut</marc:subfield>
      <marc:subfield code="e">Verfasser/-in</marc:subfield>
   </marc:datafield>
   <marc:datafield ind1="0" ind2="0" tag="245">
      <marc:subfield code="a">Beste Freundin, blöde Kuh!</marc:subfield>
   </marc:datafield>
   <marc:datafield ind1="0" ind2="0" tag="245">
      <marc:subfield code="c">Patricia Schröder</marc:subfield>
   </marc:datafield>
   <marc:datafield ind1=" " ind2="1" tag="264">
      <marc:subfield code="a">Würzburg</marc:subfield>
      <marc:subfield code="b">Arena</marc:subfield>
      <marc:subfield code="c">2007</marc:subfield>
   </marc:datafield>
   <marc:datafield ind1=" " ind2=" " tag="250">
      <marc:subfield code="a">3. Aufl.</marc:subfield>
   </marc:datafield>
   <marc:datafield ind1="1" ind2=" " tag="520">
      <marc:subfield code="a">Miri und Joey sind die besten Freundinnen überhaupt und einfach unzertrennlich. Sie feiern zusammen Geburtstag und tragen die gleichen Sachen, sie hören natürlich die gleiche Musik und ihre Meerschweinchen heißen beide Angelo. Doch plötzlich findet Joey das alles blöd und interessiert sich nur noch für BHs, Küssen und Jungs. Miri versteht die Welt nicht mehr. Krach mit Joey hat es doch bisher noch nie gegeben! Anstatt aber klein beizugeben, krempelt auch Miri ihr Leben um: Sie kauft sich neue Klamotten, geht regelmäßig Fußball spielen und trifft neue Freunde. Doch dann verliebt sie sich in Cobi - ausgerechnet Cobi, in den sich auch Joey unsterblich verknallt hat!</marc:subfield>
   </marc:datafield>
   <marc:datafield ind1=" " ind2=" " tag="020">
      <marc:subfield code="a">9783401059167</marc:subfield>
      <marc:subfield code="9">9783401059167</marc:subfield>
   </marc:datafield>
   <marc:datafield ind1=" " ind2=" " tag="300">
      <marc:subfield code="a">207 S.</marc:subfield>
   </marc:datafield>
</marc:record>
